Music Quiz

Random Music or Lyrics Quiz

Finish the lyrics Quiz Stats

 Plays Quiz not verified by Sporcle

Score 0/8 Timer 04:00
0 Plays Today
Beginning of lyric End of lyric % Correct
I can fly higher than an eagle, for you arethe wind beneath my wings
48.4%
it ain't my faultdid i do that
46.9%
And there's a light on. Heavy glow...by the way
37.5%
you're in the arms of an angelmay you find some comfort here
21.9%
some people want diamond rings, some just want everything buteverything means nothing
17.2%
it's not in the way you look or the things that you say that you'll dohold the line
15.6%
Pajamas, a hairbrush, new shoes and a case. I said to my reflection let's get out of this place
12.5%
I'm interested in things, I'm not a real doctor butI am a real worm
1.6%

You're not logged in!

Compare scores with friends on all Sporcle quizzes.
OR
Log In

Show Comments

Extras

Top Quizzes Today


Score Distribution

Your Account Isn't Verified!

In order to create a playlist on Sporcle, you need to verify the email address you used during registration. Go to your Sporcle Settings to finish the process.

Report this User

Report this user for behavior that violates our Community Guidelines.

Details: